| 000 | 00762nam a22002297a 4500 | ||
|---|---|---|---|
| 999 |
_c17371 _d17371 |
||
| 003 | AR-CdUCM | ||
| 008 | 190508b ||||| |||| 00| 0 spa d | ||
| 040 |
_aMUNICIPALIDAD PROVINCIAL DEL CUSCO _cBIBLIOTECA MUNICIPAL DEL CUSCO |
||
| 082 |
_a574 / _bSE42 |
||
| 100 |
_aSerguéiev, B. _937348 |
||
| 245 | _aFisiología recreativa / | ||
| 260 |
_aMoscú : _bMir, _c1973. |
||
| 300 |
_a390 paginas ; _bIlustraciones, _c17 cm. |
||
| 505 | _aContenido :El océano personal -- Agua viva -- Lagrimas de cocodrilo. | ||
| 650 |
_aFisiología _94959 |
||
| 650 |
_aSuperficie terrestre _937349 |
||
| 650 |
_aEcología _94960 |
||
| 650 |
_aAnimales _9917 |
||
| 700 |
_aGutierres Fernandez, Julia (Traducción) _937350 |
||
| 942 |
_2ddc _cLIBROS |
||
| 945 |
_awnts _d2019-05-8 |
||